| 000 | 01886cam a22004694i 4500 | ||
|---|---|---|---|
| 003 | PE-LiUPU | ||
| 005 | 20250731173429.0 | ||
| 008 | 150706s r 000 0 d | ||
| 035 | _a(Sirsi) a52151 | ||
| 040 |
_aPE-LiUPU _bspa _cPE-LiUPU _erda |
||
| 049 | _aPRUA | ||
| 082 | 0 | 4 |
_a241.66 _bW38 _221 |
| 100 | 1 |
_aWeiss, Douglas, _eautor. |
|
| 245 | 1 | 3 |
_aEl sexo los hombres y Dios / _cDouglas Weiss. |
| 264 | 1 |
_aLake Mary, Florida : _bCasa Creación, _c2003. |
|
| 300 |
_a216 páginas : _bilustraciones ; _c22 cm. |
||
| 336 |
_atext _2rdacontent |
||
| 337 |
_aunmediated _2rdamedia |
||
| 338 |
_avolume _2rdacarrier |
||
| 505 | 0 | _aSexualidad interna y externa -- El cerebro sexual -- Los tres principales frentes de batalla -- ¡Qué vergüenza! -La palabra con "M" -- La seductora -- Desarrolle un cerebro sexualmente exitoso -- ¿Y ella? -Obstáculos para la intimidad -- Las "tres diarias" para la intimidad -- Acuerdo sexual -- Deje un legado -- Al fin ¡el paisaje!. | |
| 526 | _aSEG42 | ||
| 526 | _aSEG41 | ||
| 526 | _aSEG40 | ||
| 526 | _aSEG39 | ||
| 526 | _aP94 | ||
| 526 | _aP87 | ||
| 526 | _aP86 | ||
| 526 | _aP85 | ||
| 526 | _aP77 | ||
| 526 | _aP76 | ||
| 526 | _aP35 | ||
| 541 | _g001-0000624; | ||
| 650 | 0 | 4 |
_aSexualidad _xCristianismo. |
| 650 | 0 | 4 |
_aMatrimonio _xCristianismo |
| 650 | 0 | 4 |
_aSexo (Psicología) _xCristianismo |
| 910 |
_clch _d20130512 |
||
| 942 |
_2ddc _cBOOK |
||
| 949 |
_a241.66 W38 _wDEWEY _c1 _i67045 _lCCODEBUL1 _mBUL _p13.00 _r0 _sY _tLIBRO _u2015-07-06 _xTEOLOGIA _PP35 _o.STAFF. Colección General |
||
| 994 |
_aC0 _bPEPRU |
||
| 596 | _a1 | ||
| 999 |
_a241.66 W38 _wDEWEY _c54752 _i67045 _d54752 _f2021-11-10 _g5 _lCCODEBUL1 _mBUL _p13.00 _q1 _r0 _sY _tBOOK _u2015-7-6 _xTEOLOGIA _PP35 _0COMPRA _o.STAFF. Colección General |
||
| 980 |
_81 _gALBERTO SANCHEZ Responsable de Automatización |
||